书目信息 |
| 题名: |
注册咨询工程师(投资)职业资格考试教材习题与案例
|
|
| 作者: | 赵国杰 著 | |
| 分册: | ||
| 出版信息: | 天津 天津大学出版社 2003.7 |
|
| 页数: | 312页 | |
| 开本: | 24cm | |
| 丛书名: | ||
| 单 册: | ||
| 中图分类: | F407.9 | |
| 科图分类: | ||
| 主题词: | 工业经济--经济理论 | |
| 电子资源: | ||
| ISBN: | 7-5618-1804-1 | |
| 000 | 00779 nam 000241 | |
| 001 | 0100005092 | |
| 005 | 20100323093157.68 | |
| 010 | @a7-5618-1804-1@dCNY48.00 | |
| 100 | @a20090609d2003 em y0chiy0121 ea | |
| 101 | @achi | |
| 102 | @aCN@b120000 | |
| 105 | @ay z 000yy | |
| 106 | @ar | |
| 200 | 10 | @a注册咨询工程师(投资)职业资格考试教材习题与案例@9zhu ce zi xun gong cheng shi tou zi zhi ye zi ge kao shi jiao cai xi ti yu an li@f赵国杰著@Fzhao guo jie zhu |
| 210 | @a天津@c天津大学出版社@d2003.7 | |
| 215 | @a312页@d24cm | |
| 540 | @a注册咨询工程师(投资)职业资格考试教材习题与案例 | |
| 606 | @a工业经济@x经济理论 | |
| 690 | @aF407.9@v4 | |
| 701 | 0 | @a赵国杰@9zhao guo jie@4著 |
| 801 | @aCN@b@c20100323 | |
| 901 | @a222222 | |
| 905 | @b903232-4@dF407.9@eZ3001@f3 | |
| 注册咨询工程师(投资)职业资格考试教材习题与案例/赵国杰著.-天津:天津大学出版社,2003.7 |
| 312页;24cm |
| ISBN 7-5618-1804-1:CNY48.00 |
| ● |
| 相关链接 |
|
|
|
正题名:注册咨询工程师(投资)职业资格考试教材习题
索取号:F407.9/Z3001
 
预约/预借
| 序号 | 登录号 | 条形码 | 馆藏地/架位号 | 状态 | 备注 |
| 1 | 903232 | 209032321 | 社科库409/409社科库 35排1列3层/ [索取号:F407.9/Z3001] | 在馆 | |
| 2 | 903233 | 209032330 | 社科库409/409社科库 35排1列3层/ [索取号:F407.9/Z3001] | 在馆 | |
| 3 | 903234 | 209032349 | 社科二线422/409社科库 35排1列5层/ [索取号:F407.9/Z3001] | 在馆 |